Personnalités de A à Z (1) - Statistiques

Statistiques générales
  • Ce quiz a été pris 132 fois
  • Le résultat moyen est 13 sur 26
Statistiques - réponses
Par images Réponse % Correct
Ariana {Grande}
91%
Anne {Hidalgo}
89%
Alain {Souchon}
86%
Angelina {Jolie}
84%
Adriana {Karembeu}
78%
Amy {Winehouse}
77%
Audrey {Tautou}
75%
Axelle {Red}
73%
Albert {Einstein}
72%
Audrey {Fleurot}
71%
Agatha {Christie}
66%
Amélie {Mauresmo}
65%
Amanda {Lear}
64%
Amélie {Nothomb}
59%
Axel {Bauer}
55%
Anny {Duperey}
40%
Ashley {Olsen}
37%
Alain {Afflelou}
35%
Astrid {Veillon}
28%
Anthony {Quinn}
26%
Albert {Uderzo}
25%
Ana {Ivanovic}
17%
Andrej {Zulawski}
7%
Andy {Xie}
3%
Amy {Yasbeck}
0%
Armand {Peugeot}
0%
Aucun quiz correspondant
Distribution des résultats
% des personnes avec chaque résultat
Percentile par nombre de réponses
Votre historique - résultats
Vous n’avez pas pris ce quiz